000 01208nam a2200289 a 4500
001
003 DO-SdBNP
005 20220112070442.0
008 101012s2000 dr ac r 001 s spa d
020 _a8449926548
040 _aDO-SdBNP
_bspa
_cBPMSU
082 _aRD865.44
_bB171p 2000
_222
100 1 _a Balaguer, Joaquín,
_d1906-2002
_92
245 1 0 _aPedestales :
_bdiscursos históricos /
_cJoaquín Balaguer.
260 _aSanto Domingo :
_bCorripío,
_c2000
_e
300 _a167 p. :
_bil., retrs. ;
_c23 cm.
490 0 _aDiscursos
_v6
505 0 _tInvocación a Duarte --
_tJosé Martí --
_tSimón Bolívar --
_tBenito Juárez --
_tJosé de San Martín --
_tJuan Pablo Duarte --
_tFabio Fiallo --
_tSalomé Ureña --
_tGastón F. Deligne --
_tPedro Santana.
590 _aInventariado, 2022/VM
650 4 _aDiscursos presidenciales
650 4 _aIntelectuales
_zAmérica Latina
_xEnsayos, conferencias, etc.
650 4 _aLibertadores
_zAmérica Latina
_xEnsayos, conferencias, etc.
651 1 4 _aRepública Dominicana
_xHistoria
_xEnsayos, conferencias, etc.
651 4 _aRepública Dominicana
_xPresidente(1966-1978: Balaguer
_xEnsayos, conferencias, etc.
910 _aVMateo V.
942 _2ddc
_cBK
999 _c13934
_d13934